| 000 | 00423nam a22001817a 4500 | ||
|---|---|---|---|
| 003 | MPLRDC | ||
| 005 | 20220104143751.0 | ||
| 008 | 210129b ||||| |||| 00| 0 eng d | ||
| 082 | _a192.1 DYER | ||
| 100 | _aDYER 著; 黄尘 译 | ||
| 245 |
_a你要掌握自己 _c |
||
| 250 | _a再版 | ||
| 260 |
_a _b国家书店 _c1980 |
||
| 300 | _b平 | ||
| 490 | _a读书人丛刊; 89 | ||
| 650 | _a | ||
| 942 |
_cBK _o192.1 DYER |
||
| 999 |
_c43133 _d43123 |
||